000 00848cam a2200193 4500
001 WB3914-19
008 030408n2003 000 0 eng u
035 _a(Sirsi) u121929
245 _aNew floor targets
260 _c2003
490 _aRegeneration and Renewal
_v4 April 2003, 5(1)
520 _aNew floor targets that set national minimum standards of service provision in deprived areas have come into effect. The targets cover areas such as housing, rural poverty, economic development and transport and are enforced through public service agreements with local councils. Further information on floor and other deprivation targets available at www.neighbourhood.gov.uk/targets.asp.
590 _aWB
650 _aFLOOR TARGETS
650 _aDEPRIVED AREAS
650 _aNEIGHBOURHOOD RENEWAL
690 _aREGENERATION
942 _n0
999 _c72463
_d72463